Регионална библиотека "Любен Каравелов" - Русе

Как да определим тренираността на спортиста (Запис номер 123406)

MARC детайли
000 -Лидер
Контролно поле с фиксирана дължина nam a22 a 4500
003 - Код на организацията, давaща контролен номер
Контролно поле BLK
005 - Дата и час на последна редакция
Контролно поле 20221202140618.0
008 - Елементи от данни с фиксирана дължина
fixed length control field 180409b bul|||||r ||||||| ||bul||
040 ## - Източник на каталожния запис
Идентификатор на билиотеката - собственик на записа BLK
041 ## - Код за език
Код за езика на текст/звукозапис или на отделно заглавие Български
Код за езика КДБФ Български
080 ## - УДК
Текстов определител УДК Спорт. Физическа култура
УДК код - определител по УДК 796/799
УДК определител (035)
УДК - код + определител 796/799(035)
100 1# - Редна дума - Автор
Автор Аулик, Ивар Василиевич
Авторска отговорност първи автор
R(LIN) 34802
139 ## - Редно поле
Редна дума Аулик, Ивар Василиевич
245 10 - Сведения за заглавието
Заглавие Как да определим тренираността на спортиста
Подзаглавни данни Ръководство
Редно поле (дума) И. В. Аулик; прев. от рус. Димитър Гюрков.
257 ## - Страна на издаване
Страна на създаване/издаване СССР
260 ## - Област на издателските данни
Място на издаване, разпространение и проч. София
Име на издателя, разпространителя и проч. Медицина и физкултура
Година на издаване 1980
300 ## - Физическа характеристика
Страници 88 с.
Илюстрации и др. с ил., табл., диагр.
Размери/Мащаб 20 см
380 ## - Жанр
Жанр 793/799 Спорт
490 1# - СЕРИИ (Колекции)
Име на серия За високо спортно майсторство
500 ## - Общи забележки
Забележка Ориг. загл. Как определить тренированность спортсмена.
650 #4 - Допълнително описание по предмет – тема
Основно описание – тема или топоним Спортисти - физически качества и подготовка
9 (RLIN) 272295
653 ## - Ключова дума – ненормативна
Ключова дума спортисти
653 ## - Ключова дума – ненормативна
Ключова дума тренировки
653 ## - Ключова дума – ненормативна
Ключова дума ръководства
700 1# - Други автори (авторска отговорност)
Лично име Гюрков, Димитър
Автороска отговорност (Описва отношението между автора и произведението) прев. от рус.
9 (RLIN) 318174
852 ## - Местоположение
Форматна сигнатура Цб 102859
Фондова буква Хранилище
999 ## - СИСТЕМНИ КОНТРОЛНИ НОМЕРА
Koha biblionumber 123406
Koha biblioitemnumber 123406
942 ## - АРТИКУЛИ
Вид на библиотечния материал Книги
Скрит в OPAC Не
Koha issues (borrowed), all copies 1
Периодичен библиозапис Да
944 ## - СЪЗДАВАНЕ И РЕДАКЦИЯ на ЗАПИСА
Създаване/Редакция Създаване
Дата на регистрацията/редакция 20.03.2012
Статус, дата на статуса 20.03.2012 - от С1,Р / 20.03.2012
Служител, извършил регистрацията/редакцията Грета_Цуфелде
944 ## - СЪЗДАВАНЕ И РЕДАКЦИЯ на ЗАПИСА
Създаване/Редакция Редакция
Дата на регистрацията/редакция 2022-12-02
Наличности
Код за отписване Код за изгубен артикул Източник на класификационната схема Код за повреда Коз за рестрикции Код за отдаване Артикулен № Име на библиотеката - собственик Име на библиотеката, в която се намира в момента Статус (Текущо местоположение) Дата на вписване в системата Местоположение - отдел Цена в лева Инвентарен номер Систематично азбучна сигнатура Баркод Номер на екземпляра Цена в евро Служебна бележка Служебен тип на артикула
  Не е изгубен Universal Decimal Classification Не е повреден без рестрикции ползва се в читалня 199778 Регионална библиотека "Любен Каравелов" Русе Регионална библиотека "Любен Каравелов" Русе Хранилище 1980-01-01 Хранилище 0.72 301864 Цб 102859 120000301864 1 0.37 N: стар фонд Дата: 01.01.1980 Книги
Изтеглен Не е изгубен Universal Decimal Classification Не е повреден без рестрикции заемане за дома 199779 Регионална библиотека "Любен Каравелов" Русе Регионална библиотека "Любен Каравелов" Русе Заемна - подръчен фонд 1980-01-01 Заемна - подръчен фонд 0.72 302061 П 796/799/А 93 302061 2 0.37 N: стар фонд Дата: 01.01.1980 Дата инв: 08.02.2018 Бележки инв: П2018 Книги
  Не е изгубен Universal Decimal Classification Не е повреден без рестрикции заемане за дома 199780 Регионална библиотека "Любен Каравелов" Русе Регионална библиотека "Любен Каравелов" Русе Заемна - подръчен фонд 1980-01-01 Заемна - подръчен фонд 0.72 302062 П 796/799/А 93 120000302062 3 0.37 N: стар фонд Дата: 01.01.1980 Дата инв: 08.02.2018 Бележки инв: П2018 Книги
Vip Innovations Ltd, Rousse, Bulgaria 2025